[Event "Prestwick Airport Major"]
[Site "Prestwick"]
[Date "2011.05.15"]
[Round "4"]
[White "Calder, John"]
[Black "Birnie, Alan J"]
[Result "1-0"]
[WhiteElo "1797"]
[BlackElo "1699"]
[PlyCount "39"]
[EventDate "2011.05.13"]
[EventType "swiss"]
[EventRounds "5"]
[EventCountry "SCO"]
[SourceTitle "EXT 2023"]
[Source "ChessBase"]
[SourceDate "2022.10.05"]
[SourceVersion "1"]
[SourceVersionDate "2022.10.05"]
[SourceQuality "1"]

1. e4 c6 2. Nf3 d5 3. Nc3 dxe4 4. Nxe4 Nf6 5. Ng3 Bg4 6. Bc4 g6 7. Ne5 Qd4 8. Bxf7+ Kd8 9. Nxg4 Nxg4 10. 0-0 Bg7 11. Be6 Nf6 12. c3 Qd6 13. Qb3 b6 14. d4 Nbd7 15. f4 h5 16. f5 Nd5 17. Ne4 Qc7 18. Ng5 Kc8 19. Bxd5 cxd5 20. Ne6 1-0